ბათუმის შოთა რუსთაველის სახელმწიფო უნივერსიტეტის ბიბლიოთეკა

ინაიშვილი ხასან=Hasan Inaishvili 1942-2009 : (ბიბ.ჩანაწერი № 39299)

000 -ლიდერი
ფიქსირებული სიგრძის საკონტროლო ველი 01283nam a2200265Ia 4500
001 - საკონტროლო ნომერი
საკონტროლო ველი 5885
003 - საკონტროლო ნომრის იდენტიფიკატორი
საკონტროლო ველი GE_BSU
005 - ბოლო ოპერაციის თარიღი და დრო
საკონტროლო ველი 20191028161849.0
008 - ფიქსირებული სიგრძის მონაცემთა ელემენტები - ზოგადი ინფორმაცია
ფიქსირებული სიგრძის საკონტროლო ველი 181216s2012||||ge |||||||||||||| ||geo||
020 ## - წიგნის საერთაშორისო სტანდარტული ნომერი
International Standard Book Number 9789941047237
040 ## - კატალოგიზაციის წყარო
Transcribing agency GE_BSU
041 ## - ენის კოდი
Language code of text/sound track or separate title geo
080 ## - უნივერსალური ათობითი კლასიფიკაციის ინდექსი
Universal Decimal Classification number 75(479.223)(084.1) ი-53
245 ## - ცნობა სათაურის შესახებ
Title ინაიშვილი ხასან=Hasan Inaishvili 1942-2009 :
Remainder of title ალბომი /
Statement of responsibility, etc პროექტის ავტორი გიორგი ჯანბერიძე.
264 ## - წარმოების, გამოცემის, დისტრიბუციის და სხვა ცნობები
გამოცემის, წარმოების, დისტრიბუციის... ადგილი ბათუმი :
გამოცემის, წარმოების, დისტრიბუციის... სახელწოდება სეზანი,
გამოცემის, წარმოების, დისტრიბუციის... თარიღი 2012.
300 ## - ფიზიკური აღწერა
Extent 60 გვ.;
Other physical details 30 სმ.
490 ## - სერიის ცნობა
Series statement აჭარის თანამედროვე მხატვრობა
500 ## - ზოგადი შენიშვნა
General note ტექსტი ქართ. და ინგლ.
653 ## - INDEX TERM--UNCONTROLLED
Uncontrolled term ქართველი მხატვრების ნამუშევრების ალბომები;
653 ## - INDEX TERM--UNCONTROLLED
Uncontrolled term ქართული სახვითი ხელოვნება;
700 ## - ADDED ENTRY--PERSONAL NAME
Personal name ჯანბერიძე, გიორგი
9 (RLIN) 5039
710 ## - ADDED ENTRY--CORPORATE NAME
Corporate name or jurisdiction name as entry element აჭარის ა/რ მთავრობა;
9 (RLIN) 5040
710 ## - ADDED ENTRY--CORPORATE NAME
Corporate name or jurisdiction name as entry element აჭარის განათლ., კულტ. და სპორტის სამინ.
9 (RLIN) 5041
942 ## - ADDED ENTRY ELEMENTS (KOHA)
Koha item type წიგნი
Source of classification or shelving scheme
ეგზემპლარები
ჩამოწერის სტატუსი დაკარგული ეგზემპლარის სტატუსი კლასიფიკაციის წყარო ან თაროზე გაწყობის სქემა დაზიანების სტატუსი არ გაიცემა მუდმივი მდებარეობა (დაცვის ადგილი) ამჟამინდელი ადგილსამყოფელი თაროზე განთავსების ადგილი შეძენის თარიღი ღირებულება, შესყიდვის ნორმალური ფასი სრული შენახვის შიფრი შტრიხკოდი ბოლო ოპერაციის თარიღი ეგზემპლარის მიმდევრობითი ნომერი (კეტერი?) ფასის ძალაში შესვლის თარიღი ეგზემპლარის სახეობა საჯარო შენიშვნა
          ბათუმის შოთა რუსთაველის სახელმწიფო უნივერსიტეტის მთავარი ბიბლიოთეკა ბათუმის შოთა რუსთაველის სახელმწიფო უნივერსიტეტის მთავარი ბიბლიოთეკა წიგნსაცავი 2018-12-17 11.00 75(479.223)(084.1) ი-53 6533 2018-12-17 6533 2018-12-17 წიგნი 11 ლ.60 თ.
          ბათუმის შოთა რუსთაველის სახელმწიფო უნივერსიტეტის მთავარი ბიბლიოთეკა ბათუმის შოთა რუსთაველის სახელმწიფო უნივერსიტეტის მთავარი ბიბლიოთეკა წიგნსაცავი 2018-12-17 11.00 75(479.223)(084.1) ი-53 6534 2018-12-17 6534 2018-12-17 წიგნი 11 ლ. 60 თ.
          ბათუმის შოთა რუსთაველის სახელმწიფო უნივერსიტეტის მთავარი ბიბლიოთეკა ბათუმის შოთა რუსთაველის სახელმწიფო უნივერსიტეტის მთავარი ბიბლიოთეკა წიგნსაცავი 2018-12-17 11.60 75(479.223)(084.1) ი-53 6535 2018-12-17 6535 2018-12-17 წიგნი 11 ლ. 60 თ.
          ბათუმის შოთა რუსთაველის სახელმწიფო უნივერსიტეტის მთავარი ბიბლიოთეკა ბათუმის შოთა რუსთაველის სახელმწიფო უნივერსიტეტის მთავარი ბიბლიოთეკა წიგნსაცავი 2018-12-17 11.00 75(479.223)(084.1) ი-53 6536 2018-12-17 6536 2018-12-17 წიგნი 11 ლ. 60 თ.
          ბათუმის შოთა რუსთაველის სახელმწიფო უნივერსიტეტის მთავარი ბიბლიოთეკა ბათუმის შოთა რუსთაველის სახელმწიფო უნივერსიტეტის მთავარი ბიბლიოთეკა წიგნსაცავი 2018-12-17 11.00 75(479.223)(084.1) ი-53 6537 2018-12-17   2018-12-17 წიგნი 11 ლ. 60 თ.